O větší výkon elektráren /

Hlavní autor: Martínek, Otakar
Jazyk: Čeština
Vydáno: Praha : Práce, 1953
Vydání: 1. vyd.
Edice: Knihovnička úderníků
Fyzický popis: 52 s. ; 8°
Knihy
Uloženo v:
LEADER 00888nam a22002772a 4500
001 001696422
003 CZ BrMZK
005 20190723141738.0
007 ta
008 190723s1953 xr er|||||||||||cze d
015 |a cnb000509274 
035 |a (OCoLC)85314875 
040 |a ABA001  |b cze  |c OLA001  |d ABA001  |d BOA001 
100 1 |a Martínek, Otakar  |4 aut 
245 1 0 |a O větší výkon elektráren /  |c Otakar Martínek 
250 |a 1. vyd. 
260 |a Praha :  |b Práce,  |c 1953 
300 |a 52 s. ;  |c 8° 
490 1 |a Knihovnička úderníků ;  |v sv. 37 
500 |a 3300 výt. 
830 0 |a Knihovnička úderníků 
910 |a BOA001  |b X-0310.986 
990 |a BK 
991 |b 201907 
996 6 |b 2618806188  |c X-0310.986  |l MZK  |r Sklad / do 24 hodin  |n 0  |w 001743283  |u 000020  |a 1  |e BOA001  |j MZK50  |s P 
996 7 |b 2618806189  |c X-0310.986  |l MZK  |r Sklad / do 24 hodin  |n 0  |w 001743283  |u 000010  |a 1  |e BOA001  |j MZK50  |s A